[Event "GER-ch U14 Girls"]
[Site "Willingen"]
[Date "2017.06.08"]
[Round "7"]
[White "Abele, Anais"]
[Black "Ruhmke, Rebecca"]
[Result "1/2-1/2"]
[WhiteElo "1535"]
[BlackElo "1127"]
[PlyCount "80"]
[EventDate "2017.06.04"]
[EventType "swiss"]
[EventRounds "9"]
[EventCountry "GER"]
[SourceTitle "CBM 178 Extra"]
[Source "ChessBase"]
[SourceDate "2017.06.22"]
[SourceVersion "1"]
[SourceVersionDate "2017.06.22"]
[SourceQuality "1"]

1. e4 d5 2. exd5 Nf6 3. d4 Nxd5 4. Nf3 Nc6 5. c4 Nb6 6. Nc3 Bg4 7. c5 Nd5 8. Bc4 e6 9. Be3 Be7 10. 0-0 0-0 11. h3 Bf5 12. a3 Nxe3 13. fxe3 Bg5 14. Qe1 Re8 15. Bb3 e5 16. d5 Na5 17. Ba2 e4 18. Nxg5 Qxg5 19. Qf2 Bxh3 20. b4 f6 21. Kh2 Bxg2 22. Qxg2 Qe5+ 23. Qg3 Qxc3 24. bxa5 Qxc5 25. d6+ Kf8 26. dxc7 Rac8 27. Rfc1 Qxa3 28. Rg1 g6 29. Qf4 f5 30. Qh6+ Ke7 31. Qxh7+ Kd6 32. Qxg6+ Kxc7 33. Rgc1+ Kb8 34. Qg3+ Ka8 35. Rxc8+ Rxc8 36. Qe1 Qd6+ 37. Kg1 Rc2 38. Qh4 a6 39. Qh8+ Qb8 40. Qxb8+ Kxb8 1/2-1/2

[Event "GER-ch U14 Girls"]
[Site "Willingen"]
[Date "2017.06.06"]
[Round "5"]
[White "Abele, Anais"]
[Black "Wagner, Victoria"]
[Result "1/2-1/2"]
[WhiteElo "1535"]
[BlackElo "1512"]
[PlyCount "47"]
[EventDate "2017.06.04"]
[EventType "swiss"]
[EventRounds "9"]
[EventCountry "GER"]
[SourceTitle "CBM 178 Extra"]
[Source "ChessBase"]
[SourceDate "2017.06.22"]
[SourceVersion "1"]
[SourceVersionDate "2017.06.22"]
[SourceQuality "1"]

1. e4 c5 2. Nf3 Nf6 3. d3 d5 4. exd5 Nxd5 5. g3 g6 6. Bg2 Bg7 7. 0-0 0-0 8. c3 Nc6 9. Na3 Rb8 10. Nc2 e6 11. d4 cxd4 12. Ncxd4 Nxd4 13. Nxd4 Bd7 14. h4 e5 15. Nf3 Bg4 16. Qb3 Ne7 17. Be3 Be6 18. Qc2 Bf5 19. Qd1 a6 20. Qxd8 Rfxd8 21. Rfd1 Nd5 22. Bg5 f6 23. Bc1 Nb6 24. Be3 1/2-1/2

[Event "GER-ch U14 Girls"]
[Site "Willingen"]
[Date "2017.06.04"]
[Round "1"]
[White "Abele, Anais"]
[Black "Hoffmann, Vanessa"]
[Result "1/2-1/2"]
[WhiteElo "1535"]
[BlackElo "1022"]
[PlyCount "169"]
[EventDate "2017.06.04"]
[EventType "swiss"]
[EventRounds "9"]
[EventCountry "GER"]
[SourceTitle "CBM 178 Extra"]
[Source "ChessBase"]
[SourceDate "2017.06.22"]
[SourceVersion "1"]
[SourceVersionDate "2017.06.22"]
[SourceQuality "1"]

1. e4 e5 2. Nf3 Nc6 3. Bb5 a6 4. Ba4 b5 5. Bb3 Nf6 6. d3 Be7 7. 0-0 0-0 8. c3 d6 9. Re1 Na5 10. Bc2 c5 11. Nbd2 Re8 12. Nf1 Bf8 13. d4 Qc7 14. d5 Nc4 15. Bd3 Nb6 16. Bg5 Be7 17. Ne3 Ng4 18. Nxg4 Bxg4 19. Bxe7 Qxe7 20. h3 Bh5 21. Be2 Bg6 22. Qc2 Nxd5 23. Rad1 Nf6 24. Bf1 Qb7 25. Nd2 d5 26. f3 Rad8 27. Bd3 c4 28. Bf1 dxe4 29. Nxe4 Bxe4 30. fxe4 Rxd1 31. Qxd1 Nxe4 32. Qf3 Qb6+ 33. Qe3 Qxe3+ 34. Rxe3 f5 35. g4 Nd6 36. gxf5 Nxf5 37. Re1 Kf7 38. Bg2 g6 39. Bb7 a5 40. Bc6 Rb8 41. Rxe5 Nd6 42. Bd5+ Kg7 43. Re7+ Kh6 44. Rd7 Rb6 45. Bg8 Kg5 46. Rxh7 Nf5 47. Rc7 Ne3 48. Re7 Nd1 49. Re2 b4 50. Bxc4 bxc3 51. bxc3 Nxc3 52. Re5+ Kh4 53. Re3 Rb1+ 54. Kg2 Rb2+ 55. Kf3 Nxa2 56. Ra3 Nb4 57. Rxa5 Rc2 58. Be6 Rc3+ 59. Kg2 Nd3 60. Ra4+ Kg5 61. Ra5+ Kf6 62. Bg4 Nf4+ 63. Kh2 Nd3 64. Rb5 Rc2+ 65. Kg3 Ne5 66. Ra5 Rc3+ 67. Kh2 Re3 68. Ra6+ Kg5 69. Ra5 Kh4 70. Ra4 Rg3 71. Rb4 Nxg4+ 72. hxg4 Rxg4 73. Rb3 Kg5 74. Rb5+ Kh4 75. Rb3 Kh5 76. Kh3 Rf4 77. Kg3 Rf5 78. Rb4 g5 79. Ra4 Kg6 80. Kg4 Rd5 81. Ra6+ Kf7 82. Ra7+ Ke6 83. Ra6+ Kd7 84. Rg6 Rd4+ 85. Kxg5 1/2-1/2